00454nam a22001697a 450000500170000001000170001702000250003403500170005903700220007608200060009810000220010424500360012626000330016227000390019530000200023449000300025420140129105843.0 aB-508600-619 a9781905863334c99.00 aB-508600-619 adplbStar Pub/Ven aN aBronte, Charlotte aJane Eyre/cby Charlotte Bronte aLondonbibs Books (UK)c2012 a55, Warren StreetbLondoneWIT 5NW a119p.c22cm(Hb) aAbridged English Classics